[Event "BL2 West 2122 (Women)"]
[Site "Germany"]
[Date "2022.04.10"]
[Round "7.2"]
[White "Freitag, Julia"]
[Black "Rath, Alina"]
[Result "1-0"]
[WhiteElo "2101"]
[BlackElo "2057"]
[PlyCount "87"]
[EventDate "2021.11.27"]
[EventType "team-tourn"]
[EventRounds "7"]
[EventCountry "GER"]
[SourceTitle "EXT 2023"]
[Source "ChessBase"]
[SourceDate "2022.10.05"]
[SourceVersion "1"]
[SourceVersionDate "2022.10.05"]
[SourceQuality "1"]
[WhiteTeam "Muelheim Nord (W)"]
[BlackTeam "Kiel Doppelbauer (W)"]
[WhiteTeamCountry "GER"]
[BlackTeamCountry "GER"]

1. d4 d5 2. e3 Bf5 3. Bd3 e6 4. Bxf5 exf5 5. Qd3 Qd7 6. Nf3 Nc6 7. a3 Nf6 8. c4 dxc4 9. Qxc4 Bd6 10. b4 0-0 11. Nc3 Rfe8 12. 0-0 Ne4 13. Nb5 h6 14. Rd1 a6 15. Nxd6 Qxd6 16. Bb2 b5 17. Qb3 Ne7 18. d5 Rad8 19. Be5 Qd7 20. Rac1 Nxd5 21. Bxc7 Qxc7 22. Rxc7 Nxc7 23. Rxd8 Rxd8 24. Nd4 g6 25. Qc2 Nd5 26. Qc6 Rd6 27. Qe8+ Kg7 28. Qe5+ Ndf6 29. f3 Rd5 30. Qe7 Ng5 31. h4 Rd7 32. Qe5 Ngh7 33. Kf2 Nf8 34. Ke2 Rd5 35. Qc7 Rd7 36. Qc6 f4 37. Qxa6 fxe3 38. Kxe3 Nd5+ 39. Kf2 Nc3 40. Qb6 Nb1 41. Nxb5 Rd2+ 42. Kg3 Ne6 43. Qg1 Rb2 44. Qc1 1-0

[Event "GER-chT Federal Cup (Women)"]
[Site "Braunfels"]
[Date "2018.06.01"]
[Round "2.2"]
[White "Freitag, Julia"]
[Black "Jelica, Mara"]
[Result "1/2-1/2"]
[WhiteElo "2136"]
[BlackElo "2159"]
[PlyCount "64"]
[EventDate "2018.05.31"]
[EventType "team-swiss"]
[EventRounds "5"]
[EventCountry "GER"]
[SourceTitle "EXT 2020"]
[Source "ChessBase"]
[SourceDate "2019.10.17"]
[SourceVersion "1"]
[SourceVersionDate "2019.10.17"]
[SourceQuality "1"]
[WhiteTeam "Nordrhein Westfalen (W)"]
[BlackTeam "Wuerttemberg (W)"]
[WhiteTeamCountry "GER"]
[BlackTeamCountry "GER"]

1. d4 Nf6 2. e3 g6 3. f4 Bg7 4. Nf3 0-0 5. c3 d5 6. Bd3 c5 7. Ne5 Qb6 8. Qf3 Nc6 9. Nd2 e6 10. g4 Nd7 11. g5 cxd4 12. exd4 Ndxe5 13. fxe5 Nxd4 14. cxd4 Qxd4 15. Nb3 Qxe5+ 16. Qe2 Qd6 17. Be3 d4 18. Bf2 e5 19. Bg3 Be6 20. Nd2 Qb4 21. 0-0 Qxb2 22. Rfb1 Qa3 23. Rxb7 Rac8 24. Ne4 Bd5 25. Rbb1 Bxe4 26. Qxe4 Rc3 27. Rd1 a5 28. Be1 Rcc8 29. Bd2 Qe7 30. a4 Rc5 31. Re1 Rfc8 32. Rab1 Qd7 1/2-1/2

[Event "BL2 West 1718 (Women)"]
[Site "Germany"]
[Date "2018.01.28"]
[Round "5.1"]
[White "Antolak, Julia"]
[Black "Freitag, Julia"]
[Result "1-0"]
[WhiteElo "2203"]
[BlackElo "2161"]
[PlyCount "89"]
[EventDate "2017.10.14"]
[EventType "team-tourn"]
[EventRounds "7"]
[EventCountry "GER"]
[SourceTitle "EXT 2019"]
[Source "ChessBase"]
[SourceDate "2018.10.10"]
[SourceVersion "1"]
[SourceVersionDate "2018.10.10"]
[SourceQuality "1"]
[WhiteTeam "Norderstedt Harksheide (W)"]
[BlackTeam "Steinfurt (W)"]
[WhiteTeamCountry "GER"]
[BlackTeamCountry "GER"]

1. e4 e6 2. d4 d5 3. Nd2 dxe4 4. Nxe4 Be7 5. Bd3 Nf6 6. Nf3 b6 7. Nxf6+ Bxf6 8. Be4 c6 9. Bf4 Bb7 10. Qd2 Qe7 11. 0-0-0 Na6 12. Kb1 Nc7 13. g4 g6 14. g5 Bg7 15. Be5 f6 16. gxf6 Bxf6 17. Bxf6 Qxf6 18. Ne5 Nd5 19. c4 Ne7 20. Qc2 a6 21. Qb3 b5 22. Rc1 Rc8 23. Rhe1 Nf5 24. cxb5 Nxd4 25. Qd3 Rd8 26. bxa6 Ba8 27. Qa3 Qe7 28. Qxe7+ Kxe7 29. Nxc6+ Nxc6 30. Bxc6 Rd2 31. b4 Rb8 32. a3 Rxf2 33. Bxa8 Rxa8 34. Rc6 Rxh2 35. Rexe6+ Kf7 36. Red6 Ke7 37. Re6+ Kf7 38. Re3 g5 39. b5 g4 40. b6 Rd8 41. Rc2 Rh6 42. Rb2 Rg6 43. a7 g3 44. Rxg3 Rxg3 45. b7 1-0

[Event "Muensterland Regionalliga 1415"]
[Site "Germany"]
[Date "2014.11.22"]
[Round "3.3"]
[White "Freitag, Julia"]
[Black "Mueller, Achim"]
[Result "1/2-1/2"]
[WhiteElo "2068"]
[BlackElo "2044"]
[PlyCount "168"]
[EventDate "2014.09.20"]
[EventType "team-tourn"]
[EventRounds "9"]
[EventCountry "GER"]
[SourceTitle "EXT 2016"]
[Source "ChessBase"]
[SourceDate "2015.10.08"]
[SourceVersion "1"]
[SourceVersionDate "2015.10.08"]
[SourceQuality "1"]
[WhiteTeam "Steinfurt"]
[BlackTeam "Emsdetten Rochade"]
[WhiteTeamCountry "GER"]
[BlackTeamCountry "GER"]

1. d4 c5 2. e3 cxd4 3. exd4 d5 4. f4 Nc6 5. Nf3 Nh6 6. c3 Qc7 7. Bd3 Bf5 8. 0-0 e6 9. Ne5 Be7 10. Bxf5 Nxf5 11. Qd3 0-0 12. Nd2 Rfe8 13. Qh3 f6 14. Nd3 Bd6 15. Nb3 b6 16. Bd2 Qf7 17. Rae1 Re7 18. g4 Qg6 19. Kh1 Nh6 20. Rg1 f5 21. gxf5 Qxf5 22. Qxf5 Nxf5 23. Ne5 Bxe5 24. fxe5 Rf7 25. Rg4 Raf8 26. Reg1 g6 27. Bg5 Ng7 28. Bf6 Nh5 29. Bh4 Nf4 30. Bf6 Nh5 31. Bh4 Nf4 32. Bf6 Nh5 33. Bh4 Ne7 34. Nc1 Nf5 35. Bg5 Nfg7 36. Nd3 Rf3 37. Nb4 Rc8 38. Nc2 Rf2 39. R4g2 Rcf8 40. Ne3 R8f3 41. Ng4 Rf1 42. Rc2 Nf5 43. Rxf1 Rxf1+ 44. Kg2 Rd1 45. Nf2 Re1 46. Kf3 Rg1 47. Ng4 Rf1+ 48. Kg2 Rd1 49. Nh6+ Nxh6 50. Bxh6 b5 51. Rf2 Ng7 52. Bxg7 Kxg7 53. Kf3 Rd3+ 54. Ke2 Rh3 55. Kd2 g5 56. Kc2 g4 57. Kb3 h5 58. Kb4 Rf3 59. Rg2 Kh6 60. Kxb5 Kg5 61. Kc5 h4 62. Kd6 h3 63. Rc2 Kf5 64. b3 Rf1 65. c4 dxc4 66. bxc4 Ke4 67. d5 exd5 68. cxd5 Rd1 69. Re2+ Kf3 70. e6 g3 71. e7 Kxe2 72. e8Q+ Kf2 73. Qh5 g2 74. Qxd1 g1Q 75. Qd4+ Kg2 76. Qd2+ Kh1 77. Ke7 Qg2 78. Qe1+ Kxh2 79. d6 Qg7+ 80. Kd8 Qg5+ 81. Qe7 Qa5+ 82. Qc7 Qg5+ 83. Kc8 Qg8+ 84. Kb7 Qg2+ 1/2-1/2

[Event "BL2 West 1314 (Women)"]
[Site "Germany"]
[Date "2013.12.01"]
[Round "2.2"]
[White "Sherif, Amina"]
[Black "Freitag, Julia"]
[Result "1/2-1/2"]
[WhiteElo "1641"]
[BlackElo "2150"]
[PlyCount "101"]
[EventDate "2013.11.30"]
[EventType "team-tourn"]
[EventRounds "7"]
[EventCountry "GER"]
[SourceTitle "EXT 2018"]
[Source "ChessBase"]
[SourceDate "2017.10.13"]
[SourceVersion "1"]
[SourceVersionDate "2017.10.13"]
[SourceQuality "1"]
[WhiteTeam "Krefeld Turm (W)"]
[BlackTeam "Steinfurt (W)"]
[WhiteTeamCountry "GER"]
[BlackTeamCountry "GER"]

1. e4 e6 2. d4 d5 3. Nd2 dxe4 4. Nxe4 b6 5. Nf3 Bb7 6. Bd3 Be7 7. 0-0 Nf6 8. Qe2 Nc6 9. c3 Qd7 10. Bf4 0-0-0 11. a4 h6 12. b4 Nd5 13. Bd2 f5 14. Ng3 Bd6 15. Ba6 Nf4 16. Bxb7+ Kxb7 17. Qb5 g5 18. Rfb1 g4 19. Ne1 h5 20. Bxf4 Bxf4 21. Nd3 Bd6 22. Nc5+ Bxc5 23. bxc5 Ne7 24. cxb6 Qxb5 25. Rxb5 cxb6 26. Re5 Rd6 27. Rae1 h4 28. Rxe6 Rxe6 29. Rxe6 Nd5 30. Nxf5 Nxc3 31. Re7+ Ka6 32. Kf1 Nxa4 33. d5 b5 34. d6 Nc5 35. Re1 Rf8 36. Nd4 b4 37. Rb1 Nd3 38. Ke2 Nxf2 39. Rxb4 Ne4 40. d7 Nc5 41. Nc6 Nxd7 42. Rxg4 Kb6 43. Rg6 Nf6 44. Ne5 Kb5 45. Rh6 a5 46. Nd3 a4 47. Rxh4 Re8+ 48. Kd2 Ne4+ 49. Kc2 Nd6 50. Rh5+ Kc4 51. Rh4+ 1/2-1/2

[Event "Muensterland Verbandsliga 1314"]
[Site "Germany"]
[Date "2013.10.05"]
[Round "2.2"]
[White "Freitag, Julia"]
[Black "Hanewinkel, Martin"]
[Result "1-0"]
[WhiteElo "2044"]
[BlackElo "1937"]
[PlyCount "169"]
[EventDate "2013.09.07"]
[EventType "team-tourn"]
[EventRounds "9"]
[EventCountry "GER"]
[SourceTitle "EXT 2015"]
[Source "ChessBase"]
[SourceDate "2014.11.20"]
[SourceVersion "1"]
[SourceVersionDate "2014.11.20"]
[SourceQuality "1"]
[WhiteTeam "Steinfurt"]
[BlackTeam "Beelen"]
[WhiteTeamCountry "GER"]
[BlackTeamCountry "GER"]

1. d4 Nf6 2. e3 c5 3. f4 e6 4. Nf3 b6 5. c3 Bb7 6. Bd3 Be7 7. 0-0 Qc7 8. a4 Nc6 9. Qe1 Na5 10. Nbd2 cxd4 11. exd4 Bd5 12. Ne5 d6 13. Bb5+ Kf8 14. Nef3 Nd7 15. Qe2 Bf6 16. Ne4 Bxe4 17. Qxe4 d5 18. Qe2 Nb3 19. Rb1 Nxc1 20. Rbxc1 g6 21. Ne5 Nxe5 22. fxe5 Bg5 23. Rc2 Kg7 24. c4 dxc4 25. Rxc4 Qd8 26. Qf3 Rf8 27. Qb7 Rb8 28. Qxa7 Ra8 29. Qb7 Rb8 30. Qe4 Rc8 31. Bc6 Qe7 32. b4 Qa7 33. Rc2 Rc7 34. Ra2 Rfc8 35. b5 Qa5 36. d5 exd5 37. Bxd5 Qc3 38. Re2 Rd8 39. Rd1 Rcd7 40. e6 Qc5+ 41. Qd4+ Qxd4+ 42. Rxd4 Rxd5 43. Rxd5 Rxd5 44. e7 Bh4 45. g3 Bxe7 46. Rxe7 Rd1+ 47. Kg2 Ra1 48. Re4 g5 49. g4 Kg6 50. Rc4 f6 51. Kf3 h5 52. gxh5+ Kxh5 53. Ke4 Rd1 54. Rc6 Ra1 55. Rc4 Rd1 56. Kf5 Rf1+ 57. Ke6 f5 58. Rc6 Kg4 59. Rxb6 f4 60. a5 f3 61. Rb8 f2 62. Rf8 Re1+ 63. Kd6 f1Q 64. Rxf1 Rxf1 65. b6 Rf6+ 66. Kc7 Rf7+ 67. Kc8 Rf8+ 68. Kb7 Rf7+ 69. Ka8 Rf8+ 70. Ka7 Rf5 71. a6 Rf7+ 72. b7 Kh3 73. Ka8 Rf8+ 74. b8Q Rxb8+ 75. Kxb8 Kxh2 76. a7 g4 77. a8Q g3 78. Qf3 g2 79. Qh5+ Kg3 80. Qg5+ Kf2 81. Qf4+ Ke1 82. Qg3+ Kf1 83. Qf3+ Kg1 84. Kc7 Kh2 85. Qh5+ 1-0

[Event "GER-chT Federal Cup (Women)"]
[Site "Braunfels"]
[Date "2013.06.02"]
[Round "5.4"]
[White "Freitag, Julia"]
[Black "Schulze, Dorothee"]
[Result "1/2-1/2"]
[WhiteElo "2144"]
[BlackElo "1992"]
[PlyCount "27"]
[EventDate "2013.05.30"]
[EventType "team-swiss"]
[EventRounds "5"]
[EventCountry "GER"]
[SourceTitle "EXT 2014"]
[Source "ChessBase"]
[SourceDate "2013.11.20"]
[SourceVersion "1"]
[SourceVersionDate "2013.11.20"]
[SourceQuality "1"]
[WhiteTeam "Nordrhein Westfalen (W)"]
[BlackTeam "Niedersachsen (W)"]
[WhiteTeamCountry "GER"]
[BlackTeamCountry "GER"]

1. d4 Nf6 2. e3 g6 3. f4 Bg7 4. Nf3 0-0 5. c3 d6 6. Bc4 d5 7. Bd3 Nbd7 8. Nbd2 c5 9. 0-0 Rb8 10. a4 a6 11. Qe1 b5 12. axb5 axb5 13. f5 Qb6 14. Qh4 1/2-1/2

[Event "BL2 West 1213 (Women)"]
[Site "Germany"]
[Date "2013.03.09"]
[Round "6.2"]
[White "Reimers, Christine"]
[Black "Freitag, Julia"]
[Result "0-1"]
[WhiteElo "1616"]
[BlackElo "2144"]
[PlyCount "46"]
[EventDate "2012.10.06"]
[EventType "team-tourn"]
[EventRounds "7"]
[EventCountry "GER"]
[SourceTitle "EXT 2018"]
[Source "ChessBase"]
[SourceDate "2017.10.13"]
[SourceVersion "1"]
[SourceVersionDate "2017.10.13"]
[SourceQuality "1"]
[WhiteTeam "Quickborn Holstein (W)"]
[BlackTeam "Steinfurt (W)"]
[WhiteTeamCountry "GER"]
[BlackTeamCountry "GER"]

1. e4 e6 2. Qe2 Be7 3. g3 d5 4. Bg2 Nf6 5. e5 Nfd7 6. f4 c5 7. Nf3 Nc6 8. c3 b6 9. d3 Bb7 10. Be3 Qc7 11. Na3 a6 12. Nc2 h6 13. Qf2 0-0-0 14. Nd2 Kb8 15. b3 d4 16. cxd4 cxd4 17. Nxd4 Nxd4 18. Bxd4 Nc5 19. 0-0 Bxg2 20. Kxg2 Qb7+ 21. Nf3 Nxd3 22. Qe3 Nb4 23. Bb2 Nc2 0-1

[Event "BL2 West 1213 (Women)"]
[Site "Germany"]
[Date "2012.12.01"]
[Round "3.2"]
[White "Freitag, Julia"]
[Black "Brandt, Carina"]
[Result "1-0"]
[WhiteElo "2144"]
[BlackElo "1666"]
[PlyCount "57"]
[EventDate "2012.10.06"]
[EventType "team-tourn"]
[EventRounds "7"]
[EventCountry "GER"]
[SourceTitle "EXT 2018"]
[Source "ChessBase"]
[SourceDate "2017.10.13"]
[SourceVersion "1"]
[SourceVersionDate "2017.10.13"]
[SourceQuality "1"]
[WhiteTeam "Steinfurt (W)"]
[BlackTeam "Harksheide (W)"]
[WhiteTeamCountry "GER"]
[BlackTeamCountry "GER"]

1. d4 e6 2. e3 d5 3. f4 Nf6 4. Bd3 Nc6 5. c3 Bd6 6. Nf3 Bd7 7. 0-0 Qe7 8. a4 0-0-0 9. b4 Ne4 10. a5 a6 11. b5 axb5 12. Bxb5 Na7 13. Bd3 Bb5 14. Bxb5 Nxb5 15. Qd3 Na7 16. c4 c5 17. Nbd2 f5 18. Rb1 cxd4 19. Nxd4 Nc5 20. Qc2 Bc7 21. cxd5 Rxd5 22. Ba3 Bd6 23. Nc4 Bc7 24. Rfc1 Qf6 25. Nb6+ Bxb6 26. axb6 Nc6 27. Nxc6 bxc6 28. Bxc5 Rhd8 29. b7+ 1-0

[Event "BL2 Nord 1011 (Women)"]
[Site "Germany"]
[Date "2010.12.04"]
[Round "3.2"]
[White "Freitag, Julia"]
[Black "Opaska, Ines"]
[Result "1-0"]
[WhiteElo "2185"]
[BlackElo "1852"]
[PlyCount "59"]
[EventDate "2010.11.06"]
[EventType "team-tourn"]
[EventRounds "7"]
[EventCountry "GER"]
[SourceTitle "EXT 2012"]
[Source "ChessBase"]
[SourceDate "2011.11.24"]
[SourceVersion "1"]
[SourceVersionDate "2011.11.24"]
[SourceQuality "1"]
[WhiteTeam "Steinfurt (W)"]
[BlackTeam "Braunschweig (W)"]
[WhiteTeamCountry "GER"]
[BlackTeamCountry "GER"]

1. d4 f5 2. e3 Nf6 3. f4 g6 4. Nf3 Bg7 5. c3 b6 6. Nbd2 Bb7 7. Bd3 0-0 8. 0-0 Qe8 9. a4 d6 10. Qe2 Nbd7 11. e4 fxe4 12. Nxe4 Nxe4 13. Bxe4 Bxe4 14. Qxe4 e5 15. dxe5 dxe5 16. Qc4+ Qf7 17. Qxc7 exf4 18. Ng5 Be5 19. Qc6 Qe7 20. Qd5+ Kh8 21. Ne6 Rf5 22. Qxa8+ Nb8 23. Nxf4 Qc5+ 24. Kh1 g5 25. Qe4 Bxf4 26. Bxf4 gxf4 27. Rxf4 Rxf4 28. Qxf4 Nc6 29. Qf6+ Kg8 30. Re1 1-0

[Event "BL2 Nord 1011 (Women)"]
[Site "Germany"]
[Date "2010.11.06"]
[Round "1.1"]
[White "Freitag, Julia"]
[Black "Burchardt, Brigitte"]
[Result "0-1"]
[WhiteElo "2185"]
[BlackElo "2218"]
[PlyCount "66"]
[EventDate "2010.11.06"]
[EventType "team-tourn"]
[EventRounds "7"]
[EventCountry "GER"]
[SourceTitle "EXT 2012"]
[Source "ChessBase"]
[SourceDate "2011.11.24"]
[SourceVersion "1"]
[SourceVersionDate "2011.11.24"]
[SourceQuality "1"]
[WhiteTeam "Steinfurt (W)"]
[BlackTeam "Pankow Rotation (W)"]
[WhiteTeamCountry "GER"]
[BlackTeamCountry "GER"]

1. d4 d5 2. e3 Nf6 3. f4 Bg4 4. Nf3 e6 5. Bd3 c5 6. c3 Nc6 7. 0-0 cxd4 8. exd4 Bd6 9. Qe1 Ne7 10. Ne5 Bf5 11. Bb5+ Kf8 12. Nd2 Ne4 13. g4 Nxd2 14. Bxd2 Be4 15. Qg3 a6 16. Bd3 Bxd3 17. Qxd3 h5 18. f5 hxg4 19. fxe6 Bxe5 20. Rxf7+ Kg8 21. dxe5 Qb6+ 22. Qe3 Qxe6 23. Raf1 Rh5 24. Qf2 Ng6 25. c4 Nh4 26. Rf8+ Rxf8 27. Qxf8+ Kh7 28. Bc3 Nf3+ 29. Kg2 d4 30. Bb4 Rxh2+ 31. Kg3 Qxe5+ 32. Kxg4 Rg2+ 33. Kxf3 Qe2+ 0-1

[Event "Muensterland op 28th"]
[Site "Senden"]
[Date "2010.10.20"]
[Round "6"]
[White "Freitag, Julia"]
[Black "Koke, Christoph"]
[Result "0-1"]
[WhiteElo "2185"]
[BlackElo "2071"]
[PlyCount "68"]
[EventDate "2010.10.16"]
[EventType "swiss"]
[EventRounds "9"]
[EventCountry "GER"]
[SourceTitle "CBM 138 Extra"]
[Source "ChessBase"]
[SourceDate "2010.10.29"]
[SourceVersion "1"]
[SourceVersionDate "2010.10.29"]
[SourceQuality "1"]

1. d4 Nf6 2. e3 g6 3. f4 Bg7 4. Nf3 0-0 5. c3 d6 6. Bc4 d5 7. Bd3 b6 8. Ne5 Nfd7 9. 0-0 Nxe5 10. fxe5 Bb7 11. Nd2 c5 12. Qg4 f6 13. Nf3 Qd7 14. e6 f5 15. Qh3 Qe8 16. Ng5 h6 17. Nf7 Rxf7 18. exf7+ Qxf7 19. b3 Nd7 20. Bb2 e5 21. g4 e4 22. Be2 Rf8 23. Rf2 Bc8 24. gxf5 gxf5 25. Kh1 Nf6 26. Rg1 f4 27. Qxh6 f3 28. Bb5 Ng4 29. Rxg4 Bxg4 30. Qg5 Qf5 31. Qxf5 Bxf5 32. Bc6 Be6 33. c4 cxd4 34. exd4 e3 0-1

[Event "GER-chT Federal Cup (Women)"]
[Site "Braunfels"]
[Date "2010.06.06"]
[Round "5"]
[White "Daemering, Katrin"]
[Black "Freitag, Julia"]
[Result "0-1"]
[WhiteElo "2050"]
[BlackElo "2202"]
[PlyCount "118"]
[EventDate "2010.06.03"]
[EventType "team-swiss"]
[EventRounds "5"]
[EventCountry "GER"]
[SourceTitle "CBM 136 Extra"]
[Source "ChessBase"]
[SourceDate "2010.07.02"]
[SourceVersion "2"]
[SourceVersionDate "2010.07.15"]
[SourceQuality "1"]

1. Nf3 d5 2. g3 e6 3. Bg2 f5 4. d3 Nf6 5. 0-0 Bc5 6. c4 c6 7. a3 a5 8. Nc3 0-0 9. Rb1 Qe7 10. Qc2 d4 11. Na4 e5 12. Nxc5 Qxc5 13. e3 dxe3 14. Bxe3 Qe7 15. b4 axb4 16. axb4 Nbd7 17. Rfe1 Re8 18. c5 Nd5 19. Qc4 N7f6 20. Bg5 Qc7 21. Re2 h6 22. Bd2 Kh8 23. Rbe1 e4 24. Nd4 b6 25. cxb6 Qxb6 26. Qxc6 Qxc6 27. Nxc6 Ba6 28. Be3 Bxd3 29. Rb2 Nxe3 30. fxe3 Nd5 31. Kf2 Rec8 32. b5 Nc3 33. Nd4 Na4 34. Rb3 Nc5 35. Rb2 Rd8 36. b6 Na4 37. b7 Nxb2 38. bxa8Q Rxa8 39. Rc1 Nc4 40. Nb3 Ra2+ 41. Kg1 Nxe3 42. Bh3 Rb2 43. Nd4 g6 44. Rc8+ Kg7 45. Ne6+ Kf7 46. Nd4 Nd5 47. Rc1 Rb1 48. Rxb1 Bxb1 49. Bf1 Kf6 50. Kf2 Ke5 51. Nb3 Bc2 52. Nc5 Kd4 53. Ne6+ Kc3 54. Ke1 g5 55. h4 gxh4 56. gxh4 f4 57. Bb5 f3 58. Kf2 Kd2 59. Nd4 Bd1 0-1

[Event "GER-chT Federal Cup (Women)"]
[Site "Braunfels"]
[Date "2010.06.05"]
[Round "4"]
[White "Freitag, Julia"]
[Black "Lange, Corinna"]
[Result "1/2-1/2"]
[WhiteElo "2202"]
[BlackElo "2033"]
[PlyCount "42"]
[EventDate "2010.06.03"]
[EventType "team-swiss"]
[EventRounds "5"]
[EventCountry "GER"]
[SourceTitle "CBM 136 Extra"]
[Source "ChessBase"]
[SourceDate "2010.07.02"]
[SourceVersion "2"]
[SourceVersionDate "2010.07.15"]
[SourceQuality "1"]

1. d4 e6 2. e3 b6 3. f4 Bb7 4. Nf3 f5 5. Bd3 Nf6 6. 0-0 Be7 7. c4 0-0 8. Bd2 Kh8 9. b4 d6 10. a4 c5 11. a5 cxb4 12. Bxb4 bxa5 13. Bxa5 Qd7 14. Qc2 Rc8 15. Bc3 Ne4 16. Nbd2 Nxc3 17. Qxc3 Bf6 18. Nb3 Na6 19. Qd2 Bxf3 20. Rxf3 Qb7 21. Na5 Qb4 1/2-1/2

[Event "GER-chT Federal Cup (Women)"]
[Site "Braunfels"]
[Date "2010.06.04"]
[Round "2"]
[White "Dirmeier, Carolin"]
[Black "Freitag, Julia"]
[Result "0-1"]
[WhiteElo "2019"]
[BlackElo "2202"]
[PlyCount "34"]
[EventDate "2010.06.03"]
[EventType "team-swiss"]
[EventRounds "5"]
[EventCountry "GER"]
[SourceTitle "CBM 136 Extra"]
[Source "ChessBase"]
[SourceDate "2010.07.02"]
[SourceVersion "2"]
[SourceVersionDate "2010.07.15"]
[SourceQuality "1"]

1. e4 e6 2. d4 d5 3. exd5 exd5 4. Nf3 Nc6 5. Bb5 Bd6 6. c4 dxc4 7. Bxc4 Nf6 8. 0-0 0-0 9. Re1 Bg4 10. Bg5 Bxf3 11. Qxf3 Nxd4 12. Qd3 c5 13. Nc3 Bxh2+ 14. Kh1 Bb8 15. Ne4 Nxe4 16. Bxd8 Nxf2+ 17. Kg1 Nxd3 0-1

[Event "Muensterland Verbandsliga 0910"]
[Site "Germany"]
[Date "2010.05.08"]
[Round "9.1"]
[White "Freitag, Julia"]
[Black "Fuest, Martin"]
[Result "1-0"]
[WhiteElo "2083"]
[BlackElo "2091"]
[PlyCount "81"]
[EventDate "2009.09.26"]
[EventType "team-tourn"]
[EventRounds "9"]
[EventCountry "GER"]
[SourceTitle "EXT 2011"]
[Source "ChessBase"]
[SourceDate "2010.11.26"]
[SourceVersion "1"]
[SourceVersionDate "2010.11.26"]
[SourceQuality "1"]
[WhiteTeam "Steinfurt"]
[BlackTeam "Bocholt"]
[WhiteTeamCountry "GER"]
[BlackTeamCountry "GER"]

1. d4 d5 2. e3 Nf6 3. f4 Bf5 4. Bd3 e6 5. Nf3 c5 6. c3 Nc6 7. 0-0 Bxd3 8. Qxd3 Ne4 9. Nbd2 f5 10. Qe2 Be7 11. Ne5 Nxe5 12. fxe5 0-0 13. Nxe4 fxe4 14. Bd2 Qd7 15. b3 a6 16. Qg4 g6 17. Rf4 Rxf4 18. exf4 cxd4 19. cxd4 Rc8 20. h4 Rc2 21. Be3 Kf7 22. h5 Qc6 23. hxg6+ hxg6 24. Qh3 Qc3 25. Rf1 Re2 26. Qh7+ Ke8 27. Qxg6+ Kd7 28. Bf2 e3 29. Bg3 Qd2 30. f5 Rxg2+ 31. Kh1 Rxg3 32. fxe6+ Kc6 33. Qxg3 e2 34. Re1 Bb4 35. e7 Bxe7 36. Qf2 Qh6+ 37. Qh2 Bh4 38. Rxe2 Qc1+ 39. Qg1 Qf4 40. Qg6+ Kc7 41. Qd6+ 1-0

[Event "Muensterland Verbandsliga 0910"]
[Site "Germany"]
[Date "2010.04.17"]
[Round "8.1"]
[White "Haselhorst, Helmut"]
[Black "Freitag, Julia"]
[Result "1/2-1/2"]
[WhiteElo "2023"]
[BlackElo "2083"]
[PlyCount "35"]
[EventDate "2009.09.26"]
[EventType "team-tourn"]
[EventRounds "9"]
[EventCountry "GER"]
[SourceTitle "EXT 2011"]
[Source "ChessBase"]
[SourceDate "2010.11.26"]
[SourceVersion "1"]
[SourceVersionDate "2010.11.26"]
[SourceQuality "1"]
[WhiteTeam "Ostbevern Westbevern"]
[BlackTeam "Steinfurt"]
[WhiteTeamCountry "GER"]
[BlackTeamCountry "GER"]

1. e4 e6 2. d4 d5 3. Nd2 dxe4 4. Nxe4 b6 5. Qf3 c6 6. Bg5 Be7 7. Bxe7 Qxe7 8. 0-0-0 Nf6 9. Nxf6+ Qxf6 10. Qxf6 gxf6 11. g3 Bb7 12. Bg2 Na6 13. Ne2 0-0-0 14. Rd2 Rd7 15. Rhd1 Rhd8 16. c3 c5 17. Bxb7+ Kxb7 18. dxc5 1/2-1/2

[Event "BL2 West 0910 (Women)"]
[Site "Germany"]
[Date "2010.03.14"]
[Round "7.3"]
[White "Freitag, Julia"]
[Black "Henrichs, Wenke"]
[Result "1-0"]
[WhiteElo "2202"]
[BlackElo "2034"]
[PlyCount "103"]
[EventDate "2009.11.07"]
[EventType "team-tourn"]
[EventRounds "7"]
[EventCountry "GER"]
[SourceTitle "CBM 133 Extra"]
[Source "ChessBase"]
[SourceDate "2010.01.05"]
[SourceVersion "1"]
[SourceVersionDate "2010.01.05"]
[SourceQuality "1"]
[WhiteTeam "Steinfurt (W)"]
[BlackTeam "Wattenscheid (W)"]
[WhiteTeamCountry "GER"]
[BlackTeamCountry "GER"]

1. d4 Nf6 2. e3 g6 3. f4 Bg7 4. Nf3 0-0 5. c3 d6 6. Bc4 c5 7. 0-0 Nc6 8. a4 e5 9. dxe5 dxe5 10. Qxd8 Rxd8 11. Nxe5 Be6 12. Bxe6 fxe6 13. Nxc6 bxc6 14. Nd2 Rd3 15. e4 Rad8 16. e5 Ng4 17. Ne4 Rd1 18. h3 Nh6 19. Be3 Rxf1+ 20. Kxf1 Bf8 21. g4 Rb8 22. Rb1 Nf7 23. Nxc5 Bxc5 24. Bxc5 g5 25. Be3 gxf4 26. Bxf4 h5 27. Ke2 hxg4 28. hxg4 Kg7 29. Kf3 Nh8 30. Ke4 Ng6 31. Bg5 Nf8 32. Bf6+ Kg6 33. g5 Nd7 34. b4 Nc5+ 35. Kd4 Nxa4 36. Ra1 Nb6 37. Rxa7 Nd5 38. Ra6 Rc8 39. Kc5 Nxc3 40. Rxc6 Ne4+ 41. Kb6 Rb8+ 42. Ka5 Kf5 43. b5 Nxf6 44. exf6 e5 45. f7 Kxg5 46. Re6 Rf8 47. Rxe5+ Kf6 48. Re8 Rxf7 49. b6 Rd7 50. Ka6 Kf7 51. Re4 Rd1 52. b7 1-0

[Event "BL2 West 0910 (Women)"]
[Site "Germany"]
[Date "2010.01.17"]
[Round "5.2"]
[White "Kryger, Oksana"]
[Black "Freitag, Julia"]
[Result "1-0"]
[WhiteElo "2145"]
[BlackElo "2202"]
[PlyCount "95"]
[EventDate "2009.11.07"]
[EventType "team-tourn"]
[EventRounds "7"]
[EventCountry "GER"]
[SourceTitle "CBM 133 Extra"]
[Source "ChessBase"]
[SourceDate "2010.01.05"]
[SourceVersion "1"]
[SourceVersionDate "2010.01.05"]
[SourceQuality "1"]
[WhiteTeam "Muelheim Nord (W)"]
[BlackTeam "Steinfurt (W)"]
[WhiteTeamCountry "GER"]
[BlackTeamCountry "GER"]

1. d4 d5 2. c4 e6 3. Nc3 f5 4. cxd5 exd5 5. Bf4 c6 6. Qc2 Nf6 7. e3 Bd6 8. Nh3 0-0 9. Bd3 Ne4 10. 0-0 Bxf4 11. Nxf4 Qh4 12. f3 Nd6 13. b4 Nd7 14. b5 Nb6 15. bxc6 bxc6 16. g3 Qf6 17. Rae1 Bd7 18. Na4 g5 19. Ng2 Nbc4 20. Nc5 Rf7 21. Bxc4 Nxc4 22. Qc3 Raf8 23. Rb1 Bc8 24. Qd3 f4 25. e4 Bh3 26. Rf2 Bxg2 27. Kxg2 Ne3+ 28. Kg1 Qh6 29. g4 Re8 30. e5 Qh3 31. a4 Rg7 32. Qb3 h5 33. Ne4 hxg4 34. Nf6+ Kh8 35. Nxe8 g3 36. Nxg7 gxf2+ 37. Kxf2 Qg2+ 38. Ke1 Qf1+ 39. Kd2 Nc4+ 40. Kc3 Qxf3+ 41. Kb4 Qxb3+ 42. Rxb3 Kxg7 43. Kc5 g4 44. Rb7+ Kg6 45. e6 Kf6 46. e7 Kf7 47. Kxc6 Ke8 48. Kxd5 1-0